[Event "GBR-ch108 Senior 65+"]
[Site "Torquay"]
[Date "2022.08.18"]
[Round "4.23"]
[White "Milnes, Anthony C P"]
[Black "Blewitt, Stephen"]
[Result "1-0"]
[WhiteElo "1957"]
[BlackElo "1776"]
[PlyCount "79"]
[EventDate "2022.08.15"]
[EventType "swiss"]
[EventRounds "7"]
[EventCountry "GBR"]
[SourceTitle "BritBase"]
[Source "John Saunders"]
[SourceDate "2021.06.05"]
[SourceVersion "1"]
[SourceVersionDate "2021.06.05"]
[SourceQuality "1"]
[WhiteTeam "England"]
[BlackTeam "England"]
[WhiteTeamCountry "ENG"]
[BlackTeamCountry "ENG"]

1. f4 e5 2. e4 d5 3. exd5 e4 4. d3 Nf6 5. dxe4 Nxe4 6. Qe2 Qxd5 7. Nd2 f5 8.
Nxe4 fxe4 9. Qc4 c6 10. Be3 Be6 11. Qxd5 cxd5 12. O-O-O Nc6 13. Bb5 Kf7 14. Ne2
Be7 15. f5 Bd7 16. Rxd5 Rhd8 17. Ng3 a6 18. Bc4 Kf8 19. Bb6 Be8 20. Bxd8 Bxd8
21. Rdd1 Bg5+ 22. Kb1 e3 23. Ne4 Bf4 24. g3 Be5 25. c3 b5 26. Be2 b4 27. Rd3
bxc3 28. bxc3 Rb8+ 29. Kc2 Bf7 30. Rxe3 Bxa2 31. Nc5 Rd8 32. Bf3 Bd5 33. Ne6+
Bxe6 34. fxe6 Nb4+ 35. cxb4 Rc8+ 36. Kb3 Bf6 37. Bb7 Rb8 38. Bxa6 Ke7 39. Rd1
Rb6 40. Bc4 1-0

[Event "GBR-ch108 Senior 65+"]
[Site "Torquay"]
[Date "2022.08.18"]
[Round "4.29"]
[White "Smith, Graham"]
[Black "Pride, Stephen C"]
[Result "1/2-1/2"]
[WhiteElo "1985"]
[BlackElo "1587"]
[PlyCount "38"]
[EventDate "2022.08.15"]
[EventType "swiss"]
[EventRounds "7"]
[EventCountry "GBR"]
[SourceTitle "BritBase"]
[Source "John Saunders"]
[SourceDate "2021.06.05"]
[SourceVersion "1"]
[SourceVersionDate "2021.06.05"]
[SourceQuality "1"]
[WhiteTeam "England"]
[BlackTeam "England"]
[WhiteTeamCountry "ENG"]
[BlackTeamCountry "ENG"]

1. e4 Nf6 2. e5 Ng8 3. d4 d6 4. Nf3 g6 5. Bf4 Bg7 6. Nc3 d5 7. Qd2 c6 8. h3 b6
9. Be2 h6 10. O-O e6 11. a4 Ba6 12. b4 Bxe2 13. Qxe2 Nd7 14. b5 c5 15. Rfe1 Ne7
16. Nb1 cxd4 17. Nxd4 O-O 18. c4 dxc4 19. Qxc4 Rc8 1/2-1/2

[Event "GBR-ch108 Senior 65+"]
[Site "Torquay"]
[Date "2022.08.19"]
[Round "5.1"]
[White "Chandler, Cliff R"]
[Black "Nunn, John D M"]
[Result "0-1"]
[WhiteElo "2244"]
[BlackElo "2577"]
[PlyCount "56"]
[EventDate "2022.08.15"]
[EventType "swiss"]
[EventRounds "7"]
[EventCountry "GBR"]
[SourceTitle "BritBase"]
[Source "John Saunders"]
[SourceDate "2021.06.05"]
[SourceVersion "1"]
[SourceVersionDate "2021.06.05"]
[SourceQuality "1"]
[WhiteTeam "England"]
[BlackTeam "England"]
[WhiteTeamCountry "ENG"]
[BlackTeamCountry "ENG"]

1. e4 c5 2. d4 cxd4 3. c3 dxc3 4. Nxc3 Nc6 5. Nf3 e6 6. Bc4 a6 7. O-O b5 8. Bb3
Na5 9. Re1 Nxb3 10. Qxb3 Bb7 11. a4 b4 12. Nd5 Bd6 13. Ne3 Bc5 14. a5 Nf6 15.
e5 Ne4 16. Ra4 O-O 17. Rxb4 Bxb4 18. Qxb4 Rb8 19. Nc4 Nxf2 20. Kxf2 Bxf3 21.
Nb6 Bc6 22. Be3 f6 23. exf6 Qxf6+ 24. Kg1 Qg6 25. Qd2 Rf5 26. b4 Rbf8 27. g3
Qg4 28. Bc5 Qf3 0-1

[Event "GBR-ch108 Senior 65+"]
[Site "Torquay"]
[Date "2022.08.19"]
[Round "5.2"]
[White "James, Geoffrey H"]
[Black "Norman, Kenneth I"]
[Result "0-1"]
[WhiteElo "2118"]
[BlackElo "2117"]
[PlyCount "68"]
[EventDate "2022.08.15"]
[EventType "swiss"]
[EventRounds "7"]
[EventCountry "GBR"]
[SourceTitle "BritBase"]
[Source "John Saunders"]
[SourceDate "2021.06.05"]
[SourceVersion "1"]
[SourceVersionDate "2021.06.05"]
[SourceQuality "1"]
[WhiteTeam "England"]
[BlackTeam "England"]
[WhiteTeamCountry "ENG"]
[BlackTeamCountry "ENG"]

1. c4 c5 2. Nc3 Nf6 3. g3 d5 4. cxd5 Nxd5 5. Bg2 Nc7 6. Nf3 Nc6 7. d3 e5 8. O-O
Be7 9. Be3 O-O 10. Rc1 Bd7 11. Qd2 f6 12. Nh4 Rc8 13. Nd5 b6 14. Nxe7+ Qxe7 15.
f4 exf4 16. Bxf4 f5 17. Nf3 Ne6 18. Ng5 Nxf4 19. Qxf4 h6 20. Qc4+ Kh8 21. Nh3
Nd4 22. Rce1 Qe3+ 23. Kh1 Bc6 24. Nf4 Bxg2+ 25. Nxg2 Qe5 26. Nf4 Kh7 27. e3 Nc6
28. Qc3 Rce8 29. Ng2 Qd5 30. Qc4 Qd6 31. Rd1 Ne5 32. Qc3 Ng4 33. d4 Qd5 34.
dxc5 Nf2+ 0-1

[Event "GBR-ch108 Senior 65+"]
[Site "Torquay"]
[Date "2022.08.19"]
[Round "5.3"]
[White "Footner, Andrew F"]
[Black "Hutchinson, Paul A"]
[Result "1/2-1/2"]
[WhiteElo "1995"]
[BlackElo "2083"]
[PlyCount "127"]
[EventDate "2022.08.15"]
[EventType "swiss"]
[EventRounds "7"]
[EventCountry "GBR"]
[SourceTitle "BritBase"]
[Source "John Saunders"]
[SourceDate "2021.06.05"]
[SourceVersion "1"]
[SourceVersionDate "2021.06.05"]
[SourceQuality "1"]
[WhiteTeam "England"]
[BlackTeam "England"]
[WhiteTeamCountry "ENG"]
[BlackTeamCountry "ENG"]

1. e4 d5 2. exd5 Qxd5 3. Nc3 Qa5 4. Nf3 Nf6 5. Bc4 Bg4 6. h3 Bxf3 7. Qxf3 c6 8.
O-O Nbd7 9. d4 e6 10. Bd2 Qc7 11. Rfe1 Nb6 12. Bb3 Be7 13. Bf4 Qd7 14. Be5 O-O
15. Ne4 Nxe4 16. Rxe4 Nd5 17. Rae1 Qd8 18. c4 Nf6 19. Rh4 g6 20. Bc2 Nd7 21.
Rhe4 Nxe5 22. dxe5 Qb6 23. h4 f5 24. exf6 Rxf6 25. Rf4 Raf8 26. Ree4 Qxb2 27.
Rxf6 Rxf6 28. Qd3 Bc5 29. Re2 Qd4 30. Qxd4 Bxd4 31. Kf1 e5 32. g3 Rf3 33. Kg2
Rc3 34. Bb3 Kg7 35. f4 Kf6 36. fxe5+ Bxe5 37. Rf2+ Kg7 38. Rf3 Rxf3 39. Kxf3
Bc3 40. Kg2 Be1 41. Kh3 Kf6 42. g4 h6 43. Bc2 g5 44. h5 Ke5 45. Kg2 Kd4 46. Kf3
a5 47. Bb3 Bc3 48. Ke2 Bb4 49. Kd1 Kd3 50. Kc1 Bd6 51. Kb1 Kc3 52. Ka1 Be5 53.
Kb1 Kb4 54. Kc1 a4 55. Bd1 Kxc4 56. Bxa4 b5 57. Bd1 Kc3 58. Bf3 c5 59. Bc6 b4
60. Ba4 Bf4+ 61. Kb1 c4 62. Bd1 Kd2 63. Ba4 Be5 64. Bc2 1/2-1/2

[Event "GBR-ch108 Senior 65+"]
[Site "Torquay"]
[Date "2022.08.19"]
[Round "5.4"]
[White "Jackson, Oliver A"]
[Black "Newton, Robert A"]
[Result "1-0"]
[WhiteElo "2066"]
[BlackElo "1976"]
[PlyCount "65"]
[EventDate "2022.08.15"]
[EventType "swiss"]
[EventRounds "7"]
[EventCountry "GBR"]
[SourceTitle "BritBase"]
[Source "John Saunders"]
[SourceDate "2021.06.05"]
[SourceVersion "1"]
[SourceVersionDate "2021.06.05"]
[SourceQuality "1"]
[WhiteTeam "England"]
[BlackTeam "England"]
[WhiteTeamCountry "ENG"]
[BlackTeamCountry "ENG"]

1. e4 g6 2. Nc3 Bg7 3. f4 a6 4. Nf3 c5 5. d3 Nc6 6. g3 d6 7. Bg2 e6 8. O-O Nge7
9. Bd2 b5 10. f5 b4 11. Ne2 exf5 12. exf5 Bxf5 13. Ng5 Ne5 14. h3 h5 15. Nf4
Ra7 16. c3 Qb6 17. Be3 O-O 18. Bf2 Rd7 19. d4 bxc3 20. bxc3 Bf6 21. Ne4 Bxe4
22. Bxe4 cxd4 23. Bxd4 Qb5 24. Nxh5 Bh8 25. Nf6+ Bxf6 26. Rxf6 N5c6 27. Bf2 Qe5
28. Qf3 d5 29. Bc2 Kg7 30. Rf4 Qe6 31. Re1 Qd6 32. h4 Ne5 33. Rxe5 1-0

[Event "GBR-ch108 Senior 65+"]
[Site "Torquay"]
[Date "2022.08.19"]
[Round "5.5"]
[White "Michaud, Gerald"]
[Black "Burnett, Jim"]
[Result "0-1"]
[WhiteElo "1871"]
[BlackElo "2056"]
[PlyCount "86"]
[EventDate "2022.08.15"]
[EventType "swiss"]
[EventRounds "7"]
[EventCountry "GBR"]
[SourceTitle "BritBase"]
[Source "John Saunders"]
[SourceDate "2021.06.05"]
[SourceVersion "1"]
[SourceVersionDate "2021.06.05"]
[SourceQuality "1"]
[WhiteTeam "Canada"]
[BlackTeam "England"]
[WhiteTeamCountry "CAN"]
[BlackTeamCountry "ENG"]

1. d4 d5 2. Bf4 Nf6 3. e3 c5 4. c3 Nc6 5. Nd2 cxd4 6. cxd4 a6 7. a3 Bf5 8. Ngf3
e6 9. Be2 Be7 10. h3 h6 11. O-O O-O 12. Ne5 Nxe5 13. Bxe5 Qd7 14. Rc1 Rfc8 15.
Qb3 Rc6 16. Bxf6 Bxf6 17. Nb1 Rac8 18. Rxc6 Qxc6 19. Nc3 Be7 20. Rd1 Bd6 21.
Bd3 Bxd3 22. Rxd3 b5 23. g3 g6 24. Nd1 Qc4 25. Rc3 Qxb3 26. Rxb3 Rc1 27. Rd3 b4
28. a4 Kf8 29. b3 Ke7 30. Kf1 h5 31. Kg2 g5 32. f3 Rc2+ 33. Nf2 f5 34. h4 gxh4
35. gxh4 Kd7 36. f4 Be7 37. Kg3 Bxh4+ 38. Kxh4 Rxf2 39. Kxh5 Rc2 40. Rd1 Rc3
41. Rg1 Rxb3 42. Rg7+ Kc6 43. Ra7 Kb6 0-1

[Event "GBR-ch108 Senior 65+"]
[Site "Torquay"]
[Date "2022.08.19"]
[Round "5.6"]
[White "Hewson, Brian W R"]
[Black "De Coverly, Roger D"]
[Result "0-1"]
[WhiteElo "2026"]
[BlackElo "1918"]
[PlyCount "64"]
[EventDate "2022.08.15"]
[EventType "swiss"]
[EventRounds "7"]
[EventCountry "GBR"]
[SourceTitle "BritBase"]
[Source "John Saunders"]
[SourceDate "2021.06.05"]
[SourceVersion "1"]
[SourceVersionDate "2021.06.05"]
[SourceQuality "1"]
[WhiteTeam "England"]
[BlackTeam "England"]
[WhiteTeamCountry "ENG"]
[BlackTeamCountry "ENG"]

1. d4 Nf6 2. c4 g6 3. Nc3 Bg7 4. e4 d6 5. Nf3 O-O 6. Be2 e5 7. O-O Nc6 8. d5
Ne7 9. Ne1 Ne8 10. Be3 f5 11. f3 f4 12. Bf2 g5 13. c5 Ng6 14. Nd3 h5 15. cxd6
cxd6 16. Rc1 Bd7 17. a4 a6 18. Qb3 Bc8 19. a5 g4 20. Na4 g3 21. hxg3 fxg3 22.
Bxg3 Qg5 23. Kf2 Nf6 24. Nc3 h4 25. Bh2 Ng4+ 26. Kg1 Nxh2 27. Kxh2 Qg3+ 28. Kg1
Bh6 29. Rc2 Be3+ 30. Kh1 h3 31. Bd1 hxg2+ 32. Rxg2 Qh3+ 0-1

[Event "GBR-ch108 Senior 65+"]
[Site "Torquay"]
[Date "2022.08.19"]
[Round "5.7"]
[White "Mildenhall, John"]
[Black "Orton, Stephen L A"]
[Result "1/2-1/2"]
[WhiteElo "1898"]
[BlackElo "2116"]
[PlyCount "45"]
[EventDate "2022.08.15"]
[EventType "swiss"]
[EventRounds "7"]
[EventCountry "GBR"]
[SourceTitle "BritBase"]
[Source "John Saunders"]
[SourceDate "2021.06.05"]
[SourceVersion "1"]
[SourceVersionDate "2021.06.05"]
[SourceQuality "1"]
[WhiteTeam "England"]
[BlackTeam "England"]
[WhiteTeamCountry "ENG"]
[BlackTeamCountry "ENG"]

1. d4 Nf6 2. Bf4 g6 3. e3 Bg7 4. Nd2 d6 5. h3 O-O 6. Ngf3 c5 7. c3 b6 8. Be2
Bb7 9. O-O Nbd7 10. a4 a6 11. Qb3 cxd4 12. exd4 Nd5 13. Bg3 e5 14. Nc4 Qc7 15.
Qa3 b5 16. Ne3 Nxe3 17. fxe3 Bh6 18. Bf2 bxa4 19. Qxa4 e4 20. Nh2 f5 21. Qc4+
Qxc4 22. Bxc4+ Kg7 23. Ra5 1/2-1/2

[Event "GBR-ch108 Senior 65+"]
[Site "Torquay"]
[Date "2022.08.19"]
[Round "5.8"]
[White "Bray, David"]
[Black "Dennis, Nigel W"]
[Result "1/2-1/2"]
[WhiteElo "2006"]
[BlackElo "1814"]
[PlyCount "53"]
[EventDate "2022.08.15"]
[EventType "swiss"]
[EventRounds "7"]
[EventCountry "GBR"]
[SourceTitle "BritBase"]
[Source "John Saunders"]
[SourceDate "2021.06.05"]
[SourceVersion "1"]
[SourceVersionDate "2021.06.05"]
[SourceQuality "1"]
[WhiteTeam "England"]
[BlackTeam "England"]
[WhiteTeamCountry "ENG"]
[BlackTeamCountry "ENG"]

1. d4 Nf6 2. c4 g6 3. Nc3 Bg7 4. e4 d6 5. Nf3 O-O 6. Be2 e5 7. O-O Nc6 8. d5
Ne7 9. Nd2 Ne8 10. b4 f5 11. c5 fxe4 12. Ndxe4 Nf5 13. Bg5 Qd7 14. Bc4 h6 15.
Be3 Kh7 16. Qd2 Qe7 17. Rae1 Nxe3 18. Qxe3 Bf5 19. f3 Rd8 20. a4 a6 21. Rd1 Nf6
22. Ng3 Bc8 23. Nge4 Nxe4 24. Nxe4 Bf5 25. cxd6 cxd6 26. Rc1 Bxe4 27. fxe4
1/2-1/2

[Event "GBR-ch108 Senior 65+"]
[Site "Torquay"]
[Date "2022.08.19"]
[Round "5.9"]
[White "Thynne, Trefor F"]
[Black "Myall, Ivan J"]
[Result "1/2-1/2"]
[WhiteElo "1884"]
[BlackElo "1983"]
[PlyCount "97"]
[EventDate "2022.08.15"]
[EventType "swiss"]
[EventRounds "7"]
[EventCountry "GBR"]
[SourceTitle "BritBase"]
[Source "John Saunders"]
[SourceDate "2021.06.05"]
[SourceVersion "1"]
[SourceVersionDate "2021.06.05"]
[SourceQuality "1"]
[WhiteTeam "England"]
[BlackTeam "England"]
[WhiteTeamCountry "ENG"]
[BlackTeamCountry "ENG"]

1. d4 d5 2. Nf3 Nf6 3. g3 c6 4. Bg2 Bf5 5. O-O e6 6. Nbd2 h6 7. b3 Qa5 8. Bb2
Ne4 9. Nxe4 Bxe4 10. Nd2 Bxg2 11. Kxg2 Nd7 12. a3 Bd6 13. e4 O-O 14. Re1 Qc7
15. c4 Rfe8 16. Rc1 Qd8 17. Qf3 Qg5 18. Rcd1 Bf8 19. Qe3 Qxe3 20. fxe3 a5 21.
exd5 exd5 22. e4 dxe4 23. Nxe4 f5 24. Nd2 Kf7 25. Kf2 Nf6 26. h3 b5 27. Re5
bxc4 28. Nxc4 Ne4+ 29. Kf3 g6 30. g4 Rxe5 31. Nxe5+ Ke6 32. Nxc6 Kd5 33. gxf5
Ng5+ 34. Kg2 Kxc6 35. fxg6 Kd5 36. Rf1 Bg7 37. h4 Ne6 38. Rf5+ Ke4 39. Rf7 Bxd4
40. Bxd4 Kxd4 41. g7 Rg8 42. b4 a4 43. Kf3 Ke5 44. Ra7 Rxg7 45. Ra5+ Kd6 46.
Rxa4 Nd4+ 47. Kf2 Rf7+ 48. Kg2 h5 49. Ra6+ 1/2-1/2

[Event "GBR-ch108 Senior 65+"]
[Site "Torquay"]
[Date "2022.08.19"]
[Round "5.10"]
[White "Barton, R Alan"]
[Black "Costello, Colin A"]
[Result "0-1"]
[WhiteElo "1926"]
[BlackElo "1866"]
[PlyCount "92"]
[EventDate "2022.08.15"]
[EventType "swiss"]
[EventRounds "7"]
[EventCountry "GBR"]
[SourceTitle "BritBase"]
[Source "John Saunders"]
[SourceDate "2021.06.05"]
[SourceVersion "1"]
[SourceVersionDate "2021.06.05"]
[SourceQuality "1"]
[WhiteTeam "England"]
[BlackTeam "England"]
[WhiteTeamCountry "ENG"]
[BlackTeamCountry "ENG"]

1. d4 Nf6 2. Nf3 d5 3. e3 Bg4 4. c4 e6 5. Nbd2 Be7 6. Qb3 Bxf3 7. Nxf3 Nbd7 8.
a3 Rb8 9. cxd5 exd5 10. Bd3 O-O 11. O-O c5 12. Bb1 c4 13. Qd1 b5 14. Bd2 Qc7
15. Bc3 a5 16. Ne5 b4 17. axb4 axb4 18. Nxd7 Qxd7 19. Be1 Ra8 20. Rxa8 Rxa8 21.
f3 Qa4 22. Qe2 Rc8 23. Bc2 Qd7 24. e4 dxe4 25. fxe4 Qxd4+ 26. Bf2 Qe5 27. Bg3
Bc5+ 28. Kh1 Qe6 29. e5 Re8 30. Qf3 Nd7 31. Bf5 Qe7 32. Qd5 Nb6 33. Qc6 c3 34.
bxc3 bxc3 35. e6 f6 36. Qe4 g5 37. h4 h6 38. Qd3 Rd8 39. Qxc3 Nd5 40. Qd3 Ne3
41. Bh7+ Kh8 42. Qg6 Nxf1 43. Qxh6 Nxg3+ 44. Kh2 Nf1+ 45. Kh3 Qg7 46. e7 Bxe7
0-1

[Event "GBR-ch108 Senior 65+"]
[Site "Torquay"]
[Date "2022.08.19"]
[Round "5.11"]
[White "Girdlestone, Paul C"]
[Black "Whiteside, Robert"]
[Result "1-0"]
[WhiteElo "2023"]
[BlackElo "1816"]
[PlyCount "83"]
[EventDate "2022.08.15"]
[EventType "swiss"]
[EventRounds "7"]
[EventCountry "GBR"]
[SourceTitle "BritBase"]
[Source "John Saunders"]
[SourceDate "2021.06.05"]
[SourceVersion "1"]
[SourceVersionDate "2021.06.05"]
[SourceQuality "1"]
[WhiteTeam "England"]
[BlackTeam "England"]
[WhiteTeamCountry "ENG"]
[BlackTeamCountry "ENG"]

1. c4 e5 2. g3 c6 3. Bg2 d5 4. cxd5 cxd5 5. Qb3 Nf6 6. d3 Nc6 7. Nc3 Bb4 8. Bd2
Nd4 9. Qd1 Be6 10. Rc1 O-O 11. a3 Ba5 12. b4 Bb6 13. e3 Nc6 14. b5 Ne7 15. Nf3
e4 16. dxe4 dxe4 17. Ng5 Bf5 18. Qc2 Rc8 19. Ngxe4 Nfd5 20. O-O Qd7 21. Qb2 Nc7
22. Rfd1 Bg4 23. f3 Bh3 24. Bxh3 Qxh3 25. Na4 Nf5 26. Nf2 Qh5 27. Nxb6 axb6 28.
Kg2 Nd5 29. Ng4 Nh6 30. Nxh6+ Qxh6 31. Qd4 Qe6 32. e4 Nf6 33. Bb4 Rxc1 34. Rxc1
Re8 35. Rc2 h5 36. h4 Qb3 37. Rf2 Kh7 38. Qxb6 Nd7 39. Qxb7 Ne5 40. Qd5 Qb1 41.
Bc3 f6 42. f4 1-0

[Event "GBR-ch108 Senior 65+"]
[Site "Torquay"]
[Date "2022.08.19"]
[Round "5.12"]
[White "Collinson, Mark I"]
[Black "Bonafont, Philip R"]
[Result "0-1"]
[WhiteElo "1854"]
[BlackElo "2001"]
[PlyCount "98"]
[EventDate "2022.08.15"]
[EventType "swiss"]
[EventRounds "7"]
[EventCountry "GBR"]
[SourceTitle "BritBase"]
[Source "John Saunders"]
[SourceDate "2021.06.05"]
[SourceVersion "1"]
[SourceVersionDate "2021.06.05"]
[SourceQuality "1"]
[WhiteTeam "England"]
[BlackTeam "England"]
[WhiteTeamCountry "ENG"]
[BlackTeamCountry "ENG"]

1. d4 d5 2. Nf3 Nf6 3. c4 e6 4. g3 dxc4 5. Bg2 c5 6. O-O Nc6 7. Ne5 Bd7 8. Nxc6
Bxc6 9. Bxc6+ bxc6 10. dxc5 Qxd1 11. Rxd1 Bxc5 12. Nc3 Rb8 13. Na4 Be7 14. Bd2
Ne4 15. Be1 Rb5 16. f3 Nc5 17. Nxc5 Bxc5+ 18. Bf2 Bxf2+ 19. Kxf2 Rxb2 20. Rac1
Ke7 21. Rxc4 Rc8 22. a4 c5 23. f4 Rb4 24. Rc2 Rxa4 25. Rb1 Rc7 26. Rb8 c4 27.
e4 Ra3 28. e5 c3 29. Ke3 a5 30. Ra8 h5 31. Kd3 a4 32. Ke3 g6 33. Kd3 Kd7 34.
Rf8 Kc6 35. Rb8 Kc5 36. Rd8 Rb3 37. Ra8 Rd7+ 38. Ke3 Kb4 39. Rb8+ Ka3 40. Rc8
Rdb7 41. Rc4 Rb2 42. R4xc3+ R7b3 43. Kd2 Rxc3 44. Kxc3 Rxc2+ 45. Kxc2 Kb4 46.
Kb2 a3+ 47. Ka2 Ka4 48. Kb1 Kb3 49. Ka1 a2 0-1

[Event "GBR-ch108 Senior 65+"]
[Site "Torquay"]
[Date "2022.08.19"]
[Round "5.13"]
[White "Bennett, Patrick"]
[Black "Williams, Stephen M"]
[Result "1-0"]
[WhiteElo "1963"]
[BlackElo "1851"]
[PlyCount "121"]
[EventDate "2022.08.15"]
[EventType "swiss"]
[EventRounds "7"]
[EventCountry "GBR"]
[SourceTitle "BritBase"]
[Source "John Saunders"]
[SourceDate "2021.06.05"]
[SourceVersion "1"]
[SourceVersionDate "2021.06.05"]
[SourceQuality "1"]
[WhiteTeam "Wales"]
[BlackTeam "England"]
[WhiteTeamCountry "WLS"]
[BlackTeamCountry "ENG"]

1. d4 Nf6 2. c4 e6 3. Nf3 Bb4+ 4. Bd2 Be7 5. Nc3 d5 6. e3 Nbd7 7. cxd5 exd5 8.
Bd3 O-O 9. O-O c5 10. Rc1 cxd4 11. Nxd4 Nc5 12. Bb1 Re8 13. Nce2 Bg4 14. f3 Bh5
15. Nf5 Bf8 16. Bc3 Rc8 17. Bd4 Bg6 18. Qd2 Rc6 19. b4 Qd7 20. Bxc5 Bxc5 21.
bxc5 Bxf5 22. Bxf5 Qxf5 23. Nd4 Qc8 24. Nxc6 Qxc6 25. Qd4 Rc8 26. Rfe1 Nd7 27.
e4 dxe4 28. Qxe4 Qxe4 29. Rxe4 Kf8 30. Rec4 Rc6 31. Kf2 Ne5 32. R4c3 Ra6 33. a3
Ke7 34. Rd1 Rc6 35. Re3 Re6 36. a4 g5 37. Rd5 f6 38. g3 Ke8 39. h3 Re7 40. Rd1
Rd7 41. Rxd7 Kxd7 42. f4 Nc4 43. Rc3 Nb2 44. Rb3 Nxa4 45. Rxb7+ Kd8 46. Rxa7
Nxc5 47. Rxh7 Ke8 48. Ke3 gxf4+ 49. Kxf4 Ne6+ 50. Kf5 Ng5 51. Rh8+ Kf7 52. h4
Ne6 53. Ra8 Ng7+ 54. Kg4 Kg6 55. Ra6 Nh5 56. Ra5 Ng7 57. h5+ Kh6 58. Kh4 Kh7
59. g4 Kh6 60. Ra6 Ne8 61. Re6 1-0

[Event "GBR-ch108 Senior 65+"]
[Site "Torquay"]
[Date "2022.08.19"]
[Round "5.14"]
[White "Gunn, Michael J"]
[Black "Milnes, Anthony C P"]
[Result "0-1"]
[WhiteElo "1598"]
[BlackElo "1957"]
[PlyCount "56"]
[EventDate "2022.08.15"]
[EventType "swiss"]
[EventRounds "7"]
[EventCountry "GBR"]
[SourceTitle "BritBase"]
[Source "John Saunders"]
[SourceDate "2021.06.05"]
[SourceVersion "1"]
[SourceVersionDate "2021.06.05"]
[SourceQuality "1"]
[WhiteTeam "England"]
[BlackTeam "England"]
[WhiteTeamCountry "ENG"]
[BlackTeamCountry "ENG"]

1. e4 e6 2. d4 d5 3. Nd2 Nc6 4. c3 e5 5. Ngf3 dxe4 6. Nxe5 Nxe5 7. dxe5 f5 8.
Qa4+ c6 9. Qd4 Qxd4 10. cxd4 Be6 11. a3 O-O-O 12. Bc4 Bxc4 13. Nxc4 Rxd4 14.
Ne3 Ne7 15. O-O g6 16. b4 Bg7 17. Bb2 Rdd8 18. Nc4 Nd5 19. Rab1 Kb8 20. Nd6
Rhf8 21. Rfc1 Nf4 22. Rd1 Nd3 23. Ba1 Bxe5 24. Nc4 Bxa1 25. Rxa1 Kc7 26. Ra2
Nxb4 27. Rxd8 Rxd8 28. Ra1 Nd3 0-1

[Event "GBR-ch108 Senior 65+"]
[Site "Torquay"]
[Date "2022.08.19"]
[Round "5.15"]
[White "Stimpson, Philip M"]
[Black "Marshall, Michael"]
[Result "1/2-1/2"]
[WhiteElo "1950"]
[BlackElo "1829"]
[PlyCount "28"]
[EventDate "2022.08.15"]
[EventType "swiss"]
[EventRounds "7"]
[EventCountry "GBR"]
[SourceTitle "BritBase"]
[Source "John Saunders"]
[SourceDate "2021.06.05"]
[SourceVersion "1"]
[SourceVersionDate "2021.06.05"]
[SourceQuality "1"]
[WhiteTeam "England"]
[BlackTeam "Denmark"]
[WhiteTeamCountry "ENG"]
[BlackTeamCountry "DEN"]

1. d4 d5 2. Nc3 Nf6 3. Bf4 c5 4. e3 cxd4 5. exd4 a6 6. Nf3 Nc6 7. Ne5 e6 8. Qd2
Bd6 9. Be2 O-O 10. O-O-O Qc7 11. Qe3 Nd7 12. Nd3 Nf6 13. Ne5 Nd7 14. Nd3 Nf6
1/2-1/2

[Event "GBR-ch108 Senior 65+"]
[Site "Torquay"]
[Date "2022.08.19"]
[Round "5.16"]
[White "Jackson, Paul G"]
[Black "Habershon, Paul F"]
[Result "0-1"]
[WhiteElo "1578"]
[BlackElo "1949"]
[PlyCount "76"]
[EventDate "2022.08.15"]
[EventType "swiss"]
[EventRounds "7"]
[EventCountry "GBR"]
[SourceTitle "BritBase"]
[Source "John Saunders"]
[SourceDate "2021.06.05"]
[SourceVersion "1"]
[SourceVersionDate "2021.06.05"]
[SourceQuality "1"]
[WhiteTeam "England"]
[BlackTeam "England"]
[WhiteTeamCountry "ENG"]
[BlackTeamCountry "ENG"]

1. f4 d5 2. e3 Nf6 3. Nf3 Bg4 4. h3 Bxf3 5. Qxf3 e6 6. Nc3 c6 7. d4 Bd6 8. Bd3
Nbd7 9. Bd2 Qe7 10. Ne2 O-O-O 11. c4 dxc4 12. Bxc4 Nb6 13. Bd3 Nfd5 14. a3 f5
15. b4 Kb8 16. Nc1 h6 17. Nb3 g5 18. g3 Rdg8 19. Ke2 g4 20. hxg4 Rxg4 21. Nc5
h5 22. Be1 Nf6 23. a4 Nbd5 24. Rc1 Rhg8 25. b5 Rc8 26. bxc6 Rxc6 27. Bd2 Bxc5
28. Rxc5 Rxc5 29. dxc5 Qxc5 30. Rc1 Qe7 31. a5 Qg7 32. Be1 h4 33. gxh4 Rg2+ 34.
Bf2 Rh2 35. a6 Ng4 36. Rg1 Qb2+ 37. Ke1 Rxf2 38. Qd1 Qc3+ 0-1

[Event "GBR-ch108 Senior 65+"]
[Site "Torquay"]
[Date "2022.08.19"]
[Round "5.17"]
[White "Fryer, David W"]
[Black "Chadwick, Susan E"]
[Result "1-0"]
[WhiteElo "1875"]
[BlackElo "1427"]
[PlyCount "85"]
[EventDate "2022.08.15"]
[EventType "swiss"]
[EventRounds "7"]
[EventCountry "GBR"]
[SourceTitle "BritBase"]
[Source "John Saunders"]
[SourceDate "2021.06.05"]
[SourceVersion "1"]
[SourceVersionDate "2021.06.05"]
[SourceQuality "1"]
[WhiteTeam "England"]
[BlackTeam "England"]
[WhiteTeamCountry "ENG"]
[BlackTeamCountry "ENG"]

1. e4 c6 2. d4 d5 3. e5 Bf5 4. Nc3 e6 5. g4 Bg6 6. Nge2 h5 7. Nf4 Bh7 8. Nxh5
g6 9. Ng3 Nd7 10. Be3 Qb6 11. Qd2 c5 12. Bb5 O-O-O 13. O-O cxd4 14. Bxd7+ Rxd7
15. Qxd4 Qxd4 16. Bxd4 Kb8 17. g5 Ne7 18. Nce2 Nc6 19. c3 Bg7 20. f4 Ne7 21.
Rfd1 Nf5 22. Nf1 Bf8 23. a3 Rc7 24. Rac1 Be7 25. Rd3 Rhc8 26. Ne3 Rc6 27. Ng4
R6c7 28. Rcd1 Ng7 29. Nf6 Bg8 30. Rh3 Nh5 31. Nxh5 gxh5 32. Rxh5 f6 33. exf6
Bc5 34. g6 e5 35. Bxc5 Rxc5 36. f7 Bxf7 37. gxf7 exf4 38. Nxf4 R5c7 39. Rf5 Rf8
40. Rdxd5 Rcxf7 41. Rxf7 Rxf7 42. Rd4 Rg7+ 43. Kf2 1-0

[Event "GBR-ch108 Senior 65+"]
[Site "Torquay"]
[Date "2022.08.19"]
[Round "5.18"]
[White "Moore, John C"]
[Black "Smith, David"]
[Result "1-0"]
[WhiteElo "1946"]
[BlackElo "1831"]
[PlyCount "55"]
[EventDate "2022.08.15"]
[EventType "swiss"]
[EventRounds "7"]
[EventCountry "GBR"]
[SourceTitle "BritBase"]
[Source "John Saunders"]
[SourceDate "2021.06.05"]
[SourceVersion "1"]
[SourceVersionDate "2021.06.05"]
[SourceQuality "1"]
[WhiteTeam "England"]
[BlackTeam "England"]
[WhiteTeamCountry "ENG"]
[BlackTeamCountry "ENG"]

1. e4 d6 2. d4 Nf6 3. Nc3 g6 4. Nf3 Bg7 5. Be2 O-O 6. O-O c6 7. a4 a5 8. h3 Qc7
9. Bg5 h6 10. Be3 Nbd7 11. Qd2 Kh7 12. Rad1 Ne8 13. Nh2 e5 14. f4 exd4 15. Bxd4
Bxd4+ 16. Qxd4 Qb6 17. Qxb6 Nxb6 18. f5 gxf5 19. exf5 Ng7 20. Rxd6 f6 21. g4
Ne8 22. Rd8 Kg7 23. Rfd1 Nc7 24. Rxf8 Kxf8 25. Rd8+ Kg7 26. Rd6 Ncd5 27. Nxd5
Nxd5 28. Rd8 1-0